|
|
|
|
| LEADER |
00000nab a2200000 a 4500 |
| 001 |
vtls000867257 |
| 003 |
SK-MaSNL |
| 005 |
20260303233055.0 |
| 008 |
160314c2004 xo 0 hun |
| 015 |
|
|
|a SNBRB2004/03-10170
|
| 035 |
|
|
|a CLN000218809
|
| 040 |
|
|
|a SNKBUCL
|b slo
|c SNKBUCL
|e AACR2
|
| 041 |
0 |
|
|a slo
|
| 044 |
|
|
|a xo
|c SK
|
| 080 |
|
|
|a 821.511.141-93=511.141
|2 UDC-MRF-SK2
|
| 080 |
|
|
|a 821.511.141-1(0.053.2)=511.141
|2 UDC-MRF-SK2
|
| 100 |
1 |
|
|a József, Attila,
|d 1905-1937
|4 aut
|9 210880
|
| 245 |
1 |
0 |
|a Medvetánc
|c József Attila ; illusztrálta Varga Lajos
|
| 300 |
|
|
|b Obr.
|
| 650 |
0 |
7 |
|a maďarská poézia
|2 SNKPH
|9 1294
|
| 650 |
0 |
7 |
|a poézia pre deti
|2 SNKPH
|9 31212
|
| 700 |
1 |
|
|a Varga, Lajos,
|d 1942-
|4 ill
|9 6879
|
| 773 |
0 |
|
|t Tücsök
|g Roč. 14, č. 6 (2004), s. 11
|
| 850 |
|
|
|a Slovenská národná knižnica v Martine
|
| 852 |
|
|
|a SNK
|b KIS3GCP
|
| 958 |
|
|
|a HU
|
| 958 |
|
|
|a LX
|
| 958 |
|
|
|a DB
|
| 958 |
|
|
|a RBX
|
| 999 |
|
|
|c 2513064
|d 2514994
|